| 000 | 00830nam a2200253 a 4500 | ||
|---|---|---|---|
| 001 | 42669 | ||
| 003 | BD-RjUL | ||
| 005 | 20211209053555.0 | ||
| 008 | 160614s1983 nyua 000 0 eng | ||
| 020 |
_a0668058625 (pbk.) : _c$12.00 |
||
| 035 | _a(BD-RjUL) 42787 | ||
| 040 |
_aDLC _cDLC _dDLC _dBD-RjUL _beng |
||
| 041 | _aeng | ||
| 082 | 0 | 0 |
_a338.5076 _219 _bDAE 1983 |
| 100 | 1 |
_aDavidson, Sam R. _9131166 |
|
| 245 | 1 | 0 |
_aEngineering economics : _bproblems and solutions / _cSam R. Davidson. |
| 260 |
_aNew York : _bArco Pub., _cc1983. |
||
| 300 |
_avii, 211 p. : _bill. ; _c26 cm. |
||
| 490 | _aArco professional career examination series | ||
| 650 | 0 |
_aEngineering economy _xProblems, exercises, etc. _9131167 |
|
| 830 |
_aArco professional career examination series _9131168 |
||
| 942 |
_2ddc _cBK |
||
| 999 |
_c42669 _d42669 |
||